000 00711nam a2200289Ia 4500
005 20260324113002.0
008 008 260324s9999 xx 000 0 eng d
020 _a9781003506751
037 _aEBOOK
040 _aCRL
040 _beng
040 _cCRL
041 _2eng
041 _aeng
084 _qCRL
100 _aMostafa Eidiani; Kumars Rouzbehi
_91139955
245 0 _aAdvanced Topics in Power Systems Analysis
245 0 _bProblems, Methods, and Solutions
260 _bTaylor and Francis
260 _c2024
365 _a
365 _b195
856 _uhttp://www.taylorfrancis.com/books/9781003506751
942 _cEBOOK
999 _c1734369
_d1734369